[Event "Quebec op"]
[Site "Montreal CAN"]
[Date "2016.07.25"]
[Round "4.12"]
[White "Doubleday, William"]
[Black "Malek, Omid"]
[Result "1/2-1/2"]
[WhiteElo "1981"]
[BlackElo "2053"]
[PlyCount "76"]
[EventDate "2016.07.23"]
[EventType "swiss"]
[EventRounds "8"]
[EventCountry "CAN"]

1. d4 Nf6 2. c4 e6 3. Nc3 Bb4 4. e3 b6 5. Nge2 c5 6. a3 Ba5 7. Rb1 Qe7 8. g3
Bb7 9. d5 Ne4 10. Bd2 exd5 11. Bg2 d4 12. Nxe4 Bxd2+ 13. Qxd2 Bxe4 14. O-O Bxg2
15. Kxg2 Qe4+ 16. f3 Qxe3 17. Qxe3+ dxe3 18. Nc3 Nc6 19. Rfe1 O-O 20. Rxe3 Rfe8
21. Kf2 Rxe3 22. Kxe3 Re8+ 23. Kf2 Nd4 24. b4 d6 25. Rb2 f5 26. Rd2 Re6 27.
bxc5 dxc5 28. a4 Rh6 29. Ke3 g5 30. Nb5 Re6+ 31. Kf2 Nxb5 32. axb5 Kf7 33. h3
Ke7 34. Ra2 Kd6 35. Rxa7 Ke5 36. Rd7 h6 37. Rd5+ Kf6 38. g4 f4 1/2-1/2

[Event "Quebec op"]
[Site "Montreal CAN"]
[Date "2016.07.25"]
[Round "4.13"]
[White "Poulin, Maurice"]
[Black "Robichaud, Louis"]
[Result "1-0"]
[WhiteElo "1954"]
[BlackElo "2056"]
[Annotator ",Microsoft"]
[PlyCount "22"]
[EventDate "2016.07.23"]
[EventType "swiss"]
[EventRounds "8"]
[EventCountry "CAN"]

1. e4 e5 2. Nf3 Nc6 3. c3 d6 4. d4 Nf6 5. h3 Be7 6. Bb5 O-O 7. Qe2 Bd7 8. d5
Nb8 9. Bxd7 Nbxd7 10. c4 Nc5 11. Nc3 a5 {Phone} 1-0

[Event "Quebec op"]
[Site "Montreal CAN"]
[Date "2016.07.25"]
[Round "4.14"]
[White "Barre, Michel"]
[Black "Allard, Laurent"]
[Result "1/2-1/2"]
[WhiteElo "1942"]
[BlackElo "2040"]
[PlyCount "63"]
[EventDate "2016.07.23"]
[EventType "swiss"]
[EventRounds "8"]
[EventCountry "CAN"]

1. d4 Nf6 2. Bf4 g6 3. e3 Bg7 4. Nf3 O-O 5. Be2 d6 6. h3 Nbd7 7. O-O c5 8. c3
cxd4 9. exd4 Nb6 10. Nbd2 d5 11. Bd3 Bf5 12. Bxf5 gxf5 13. Ne5 Rc8 14. Qe2 Ne4
15. Rfe1 e6 16. Rad1 Nd7 17. Ndf3 Ndf6 18. Rd3 Qe8 19. Ng5 Nxg5 20. Bxg5 Ne4
21. Bf4 Kh8 22. Re3 Qe7 23. Qh5 Rce8 24. Nf3 Bf6 25. Ne5 Nd6 26. Kh2 Rg8 27.
Nf3 Rg7 28. g3 Ne4 29. R1e2 b5 30. a3 a5 31. Ne5 a4 32. Nc6 1/2-1/2

[Event "Quebec op"]
[Site "Montreal CAN"]
[Date "2016.07.25"]
[Round "4.15"]
[White "Cloutier, Mathieu"]
[Black "Bouchard, Jean-Marc"]
[Result "1/2-1/2"]
[WhiteElo "1993"]
[BlackElo "1866"]
[PlyCount "92"]
[EventDate "2016.07.23"]
[EventType "swiss"]
[EventRounds "8"]
[EventCountry "CAN"]

1. e4 e6 2. d4 d5 3. Nc3 Nf6 4. Bg5 Be7 5. e5 Nfd7 6. Bxe7 Qxe7 7. f4 a6 8. Qd2
c5 9. Nf3 Nc6 10. dxc5 Nxc5 11. a3 b5 12. b4 Nd7 13. Bd3 Bb7 14. Ne2 Nb6 15.
O-O Nc4 16. Qc1 h6 17. Ned4 O-O 18. Kh1 f5 19. Rg1 Nxd4 20. Nxd4 h5 21. h3 Kf7
22. g3 g6 23. Kh2 Qc7 24. a4 Bc6 25. a5 Bd7 26. Ra2 Rh8 27. Qe1 Rag8 28. Qe2
Ke7 29. c3 Kd8 30. Nb3 Bc8 31. Nc5 Qe7 32. Bxc4 bxc4 33. Qe3 Ke8 34. h4 Qa7 35.
Qd4 Rh7 36. Rb1 Rc7 37. Rd2 Bd7 38. Qf2 Ke7 39. Nxd7 Qxf2+ 40. Rxf2 Kxd7 41. b5
Rb8 42. Rfb2 Rcb7 43. b6 Kc6 44. Kg2 Kc5 45. Kf2 Rh8 46. Ke3 Rhh7 1/2-1/2

[Event "Quebec op"]
[Site "Montreal CAN"]
[Date "2016.07.25"]
[Round "4.16"]
[White "Gauthier, Denis"]
[Black "Lebeau, Gilbert"]
[Result "0-1"]
[WhiteElo "1832"]
[BlackElo "1993"]
[PlyCount "66"]
[EventDate "2016.07.23"]
[EventType "swiss"]
[EventRounds "8"]
[EventCountry "CAN"]

1. d4 d5 2. c4 c6 3. Nf3 Nf6 4. e3 Bf5 5. Nc3 e6 6. Nh4 Bg6 7. Qb3 Qc7 8. h3
Nbd7 9. Nxg6 hxg6 10. Bd2 g5 11. O-O-O Bd6 12. Be2 dxc4 13. Bxc4 b5 14. Bd3 a5
15. Ne4 Nxe4 16. Bxe4 a4 17. Qc2 O-O 18. Kb1 Rfc8 19. Rc1 Qb6 20. g4 b4 21. Qd3
Nf6 22. Bf3 e5 23. h4 gxh4 24. Rxh4 g6 25. Rch1 Kf8 26. g5 Nd5 27. Qxg6 Nc3+
28. Bxc3 fxg6 29. Rh8+ Kf7 30. R1h7+ Ke6 31. d5+ Kf5 32. e4+ Kxg5 33. Bd2+ Kf6
0-1

[Event "Quebec op"]
[Site "Montreal CAN"]
[Date "2016.07.25"]
[Round "4.17"]
[White "Nunez, Omar"]
[Black "Fan, Run Kun"]
[Result "1-0"]
[WhiteElo "1895"]
[BlackElo "2094"]
[PlyCount "119"]
[EventDate "2016.07.23"]
[EventType "swiss"]
[EventRounds "8"]
[EventCountry "CAN"]

1. Nf3 d5 2. g3 Nf6 3. Bg2 g6 4. O-O Bg7 5. d3 O-O 6. Nbd2 c6 7. c3 Qc7 8. Qc2
e5 9. e4 Nbd7 10. Re1 dxe4 11. dxe4 a5 12. a4 b6 13. Bf1 Bb7 14. b3 Ne8 15. Ba3
c5 16. Rad1 Nd6 17. Nc4 Nxc4 18. Bxc4 Nf6 19. Bc1 h6 20. Nh4 Kh7 21. f3 Rad8
22. Ng2 Bc6 23. Ne3 Qb7 24. Rxd8 Rxd8 25. Rd1 Rd7 26. Rxd7 Qxd7 27. Qd2 Qxd2
28. Bxd2 Kg8 29. Ba6 Nd7 30. Bc8 b5 31. axb5 Bxb5 32. c4 Bc6 33. Bxa5 Bf8 34.
Bc7 f6 35. Kf2 Kf7 36. Ke2 Be7 37. Nd5 Nf8 38. Kd3 Ne6 39. Bxe6+ Kxe6 40. Bb6
Bd6 41. Nc3 Kd7 42. g4 f5 43. Na4 fxe4+ 44. fxe4 Bxa4 45. bxa4 Kc6 46. Bd8 Bc7
47. Bf6 Bd6 48. Bg7 h5 49. gxh5 gxh5 50. Bf6 Bc7 51. Kc2 Kd6 52. Bg5 Ba5 53.
Kb3 Kc6 54. h3 Kd7 55. Kc2 Kc6 56. Kd3 Bc7 57. Bd2 Kb6 58. Ke2 Ka6 59. Bc3 Ba5
60. Bxe5 1-0

[Event "Quebec op"]
[Site "Montreal CAN"]
[Date "2016.07.25"]
[Round "4.18"]
[White "Vorobev, Alexander"]
[Black "Keesal, Sheldon"]
[Result "1-0"]
[WhiteElo "1900"]
[BlackElo "2043"]
[PlyCount "61"]
[EventDate "2016.07.23"]
[EventType "swiss"]
[EventRounds "8"]
[EventCountry "CAN"]

1. e4 e6 2. d4 d5 3. Nc3 Bb4 4. e5 c5 5. a3 Bxc3+ 6. bxc3 Ne7 7. Qg4 O-O 8. Bd3
f5 9. Qg3 Qc7 10. Bd2 Nbc6 11. Nf3 Qb6 12. O-O cxd4 13. Rfb1 Qc7 14. cxd4 Bd7
15. h4 Rab8 16. h5 Kh8 17. h6 g6 18. Bg5 Ng8 19. c4 dxc4 20. Bxc4 Nxd4 21. Nxd4
Qxc4 22. Rd1 Ba4 23. Rac1 Qd5 24. Rd2 Rfc8 25. Nc6 Qb5 26. Qh4 Rc7 27. Bf6+
Nxf6 28. Qxf6+ Kg8 29. Rd8+ Rxd8 30. Qxd8+ Kf7 31. Qxc7+ 1-0

[Event "Quebec op"]
[Site "Montreal CAN"]
[Date "2016.07.25"]
[Round "4.19"]
[White "Gelet, Seymour"]
[Black "Huang, Qiuyu"]
[Result "0-1"]
[WhiteElo "2011"]
[BlackElo "1964"]
[PlyCount "116"]
[EventDate "2016.07.23"]
[EventType "swiss"]
[EventRounds "8"]
[EventCountry "CAN"]

1. d4 d5 2. c4 e6 3. Nf3 Nf6 4. Bg5 Bb4+ 5. Nbd2 Nbd7 6. e3 c5 7. cxd5 exd5 8.
Bd3 Qa5 9. O-O c4 10. Bf5 O-O 11. Qc2 Re8 12. a3 Bf8 13. Rfe1 g6 14. Bxd7 Nxd7
15. e4 Nb6 16. Rac1 Bg7 17. Qc3 Qxc3 18. bxc3 h6 19. Bf4 Be6 20. Rb1 Na4 21.
Rec1 dxe4 22. Ne5 Nb6 23. Nxe4 Bf5 24. Nd6 Bxb1 25. Nxe8 Rxe8 26. Rxb1 g5 27.
Bg3 f6 28. Nf3 Re2 29. Ne1 Nd5 30. Kf1 Ra2 31. Rxb7 Rxa3 32. Bd6 Ra4 33. Nc2
Nxc3 34. Na3 f5 35. Rb4 Ra6 36. Rxc4 Rxd6 37. Rxc3 Rxd4 38. Rc8+ Kh7 39. Rc7
Ra4 40. Nb5 Ra1+ 41. Ke2 Ra2+ 42. Ke3 a5 43. Nd4 f4+ 44. Kf3 Ra3+ 45. Ke2 Kg6
46. Rc6+ Bf6 47. Ra6 a4 48. h4 gxh4 49. Nc2 Ra2 50. Kd3 f3 51. Ne1 fxg2 52.
Nxg2 Rxf2 53. Nxh4+ Kh5 54. Ng2 Rxg2 55. Rxf6 a3 56. Ke3 Rg6 57. Rf2 Re6+ 58.
Kd3 Ra6 0-1

[Event "Quebec op"]
[Site "Montreal CAN"]
[Date "2016.07.25"]
[Round "4.20"]
[White "Johnson, Nicholas"]
[Black "Trahan, Daniel"]
[Result "0-1"]
[WhiteElo "1992"]
[BlackElo "1962"]
[PlyCount "92"]
[EventDate "2016.07.23"]
[EventType "swiss"]
[EventRounds "8"]
[EventCountry "CAN"]

1. c4 b6 2. Nc3 Bb7 3. e4 e6 4. g3 f5 5. Bg2 Nf6 6. d3 Bb4 7. Nge2 O-O 8. O-O
fxe4 9. dxe4 Nc6 10. h3 Rb8 11. Be3 Qe7 12. f4 Bc5 13. Qd2 d6 14. Kh2 Rbd8 15.
Rad1 Rfe8 16. g4 d5 17. Bxc5 Qxc5 18. cxd5 exd5 19. e5 Ne4 20. Nxe4 dxe4 21.
Qc3 Qb5 22. Ng3 Rd3 23. Rxd3 exd3 24. Rd1 Rd8 25. Be4 Qa4 26. Qb3+ Qxb3 27.
axb3 d2 28. b4 Rd4 29. e6 Kf8 30. Kg2 g6 31. f5 Ke7 32. Kf2 Nd8 33. Bxb7 Nxb7
34. Ke3 Rxb4 35. Rxd2 Nc5 36. Kf3 Rb3+ 37. Kf4 Rxg3 38. Rh2 Rb3 39. Kg5 gxf5
40. gxf5 Ne4+ 41. Kh6 Nf6 42. Rg2 Rxh3+ 43. Kg7 Rg3+ 44. Rxg3 Nh5+ 45. Kxh7
Nxg3 46. Kg6 Ne4 0-1

[Event "Quebec op"]
[Site "Montreal CAN"]
[Date "2016.07.25"]
[Round "4.21"]
[White "Johnson-Constantin, Matthieu"]
[Black "Forget, Luc"]
[Result "0-1"]
[WhiteElo "1869"]
[BlackElo "1986"]
[PlyCount "64"]
[EventDate "2016.07.23"]
[EventType "swiss"]
[EventRounds "8"]
[EventCountry "CAN"]

1. d4 Nf6 2. c4 e6 3. Nf3 b6 4. Bg5 Bb7 5. e3 h6 6. Bh4 Bb4+ 7. Nbd2 g5 8. Bg3
g4 9. Ne5 Ne4 10. a3 Bxd2+ 11. Ke2 Nc6 12. Nxg4 h5 13. f3 Qg5 14. fxe4 Qxg4+
15. Kxd2 Qxe4 16. Rg1 O-O-O 17. h3 Qg6 18. Bh2 f5 19. Bd3 Rdg8 20. Qe2 Qf6 21.
b4 d6 22. c5 dxc5 23. b5 Na5 24. Be5 Qd8 25. Bxh8 Rxh8 26. Rab1 cxd4 27. exd4
Qxd4 28. Qxe6+ Kb8 29. Rge1 Rd8 30. Qxf5 Nc4+ 31. Ke2 Re8+ 32. Kf1 Nd2# 0-1

[Event "Quebec op"]
[Site "Montreal CAN"]
[Date "2016.07.25"]
[Round "4.22"]
[White "Nikulich, Oleksandr"]
[Black "Steinberg, Ellis"]
[Result "0-1"]
[WhiteElo "1984"]
[BlackElo "1581"]
[PlyCount "186"]
[EventDate "2016.07.23"]
[EventType "swiss"]
[EventRounds "8"]
[EventCountry "CAN"]

1. e4 g6 2. d4 d6 3. Nf3 Bg7 4. Be3 c6 5. Nc3 b5 6. Bd3 Nd7 7. O-O Ngf6 8. Qd2
a6 9. Rad1 Qc7 10. e5 dxe5 11. dxe5 Ng4 12. Bf4 Ngxe5 13. Nxe5 Bxe5 14. Bh6
Bxh2+ 15. Kh1 Bd6 16. Ne4 Bb7 17. Nxd6+ Qxd6 18. Qe3 Qc5 19. Qc1 O-O-O 20. Be4
Qh5+ 21. Kg1 Ne5 22. Bf4 Rxd1 23. Rxd1 Rd8 24. Rxd8+ Kxd8 25. Bg3 Qg4 26. Qd2+
Qd7 27. Qe1 Nc4 28. b3 Nd6 29. Qa5+ Kc8 30. Bf3 c5 31. Bxb7+ Kxb7 32. a4 Ne4
33. axb5 axb5 34. c4 Nxg3 35. fxg3 Qd1+ 36. Kh2 Qh5+ 37. Kg1 Qd1+ 38. Kh2 Qxb3
39. cxb5 Qe6 40. Qc3 Kb6 41. Qb2 Qc4 42. Qe5 Kxb5 43. Qxe7 Qe6 44. Qb7+ Kc4 45.
Qb2 Kd5 46. Qa2+ c4 47. Qd2+ Kc6 48. Qa5 Qd5 49. Qa6+ Kc5 50. Qa5+ Kd4 51. Qd2+
Kc5 52. Qa5+ Kd6 53. Qb6+ Kd7 54. Qb7+ Ke6 55. Qb6+ Ke5 56. Qe3+ Qe4 57. Qc5+
Ke6 58. Qb6+ Ke7 59. Qc5+ Kf6 60. Qb6+ Kg7 61. Qb2+ f6 62. Qd2 Qd3 63. Qb4 Qe4
64. Qd2 Qe5 65. Qd7+ Kh6 66. Qd2+ g5 67. Qd8 c3 68. Qf8+ Kg6 69. Qg8+ Kf5 70.
Qxh7+ Ke6 71. Qg8+ Kd6 72. Qb8+ Kd5 73. Qb5+ Kd4 74. Qa4+ Ke3 75. Qd1 Qd4 76.
Qe1+ Kd3 77. Qd1+ Kc4 78. Qa4+ Kc5 79. Qa7+ Kd5 80. Qd7+ Ke5 81. Qe7+ Kf5 82.
Qh7+ Ke6 83. Qg8+ Kd7 84. Qf7+ Kc6 85. Qe8+ Kb6 86. Qb8+ Ka5 87. Qa8+ Kb4 88.
Qb7+ Ka3 89. Qa6+ Kb2 90. Qb5+ Kc1 91. Qf1+ Kd2 92. Qa1 Qe5 93. Qa2+ c2 0-1

[Event "Quebec op"]
[Site "Montreal CAN"]
[Date "2016.07.25"]
[Round "4.24"]
[White "Saine, Zachary"]
[Black "Larochelle, Martial"]
[Result "0-1"]
[WhiteElo "1680"]
[BlackElo "2112"]
[PlyCount "126"]
[EventDate "2016.07.23"]
[EventType "swiss"]
[EventRounds "8"]
[EventCountry "CAN"]

1. e4 e5 2. Nf3 Nc6 3. Bc4 Bc5 4. c3 Nf6 5. d4 exd4 6. cxd4 Bb4+ 7. Bd2 Nxe4 8.
Bxb4 Nxb4 9. Bxf7+ Kxf7 10. Qb3+ d5 11. Ne5+ Ke6 12. Qxb4 c5 13. Qa4 Qb6 14.
Qa3 cxd4 15. Nd3 Re8 16. O-O Kf7 17. Re1 Bd7 18. f3 Nf6 19. Nd2 Bb5 20. Ne5+
Kg8 21. Qb3 Rac8 22. f4 Rc2 23. Ne4 d3+ 24. Kh1 Nxe4 25. Qxd5+ Qe6 26. Qxe4 Bc6
27. Qxd3 Bxg2+ 28. Kg1 Qb6+ 29. Qe3 Qxe3+ 30. Rxe3 Rxb2 31. Rb3 Rc2 32. a3 Bd5
33. Rd3 Rg2+ 34. Kf1 Rxh2 35. Rad1 Rh1+ 36. Kf2 Rxd1 37. Rxd1 Be6 38. Rd6 Bf5
39. a4 h6 40. Kf3 Re6 41. Rd8+ Kh7 42. Nf7 Rb6 43. Rh8+ Kg6 44. Ne5+ Kf6 45. a5
Rb3+ 46. Kf2 Be6 47. Rf8+ Ke7 48. Ng6+ Kd6 49. Rb8 Bf7 50. Ne5 Bd5 51. Ng6 Ke6
52. a6 bxa6 53. Rd8 Bc4 54. Ra8 Kf5 55. Ne5 Bb5 56. Rf8+ Ke4 57. Ng6 Rf3+ 58.
Kg2 Bf1+ 59. Kh2 Rh3+ 60. Kg1 Rg3+ 61. Kxf1 Rxg6 62. Rf7 Ke3 63. f5 Rg5 0-1

[Event "Quebec op"]
[Site "Montreal CAN"]
[Date "2016.07.25"]
[Round "4.25"]
[White "Babb, Jeff"]
[Black "Lafleche, Alain"]
[Result "1-0"]
[WhiteElo "2096"]
[BlackElo "1749"]
[PlyCount "75"]
[EventDate "2016.07.23"]
[EventType "swiss"]
[EventRounds "8"]
[EventCountry "CAN"]

1. f4 Nf6 2. Nf3 g6 3. b3 d5 4. e3 Bg7 5. Bb2 c5 6. Ne5 O-O 7. Be2 a6 8. a4 b6
9. O-O Bb7 10. Bf3 e6 11. d3 Nc6 12. Nxc6 Bxc6 13. Qe1 Qd7 14. Nd2 Rad8 15. Qh4
Ne8 16. Bxg7 Nxg7 17. g4 f5 18. g5 Ne8 19. Bg2 d4 20. Bxc6 Qxc6 21. e4 Ng7 22.
e5 b5 23. axb5 axb5 24. Qf2 Ra8 25. Qg2 Qxg2+ 26. Kxg2 Rfb8 27. Rfc1 Ne8 28. b4
cxb4 29. Nb3 Nc7 30. Rxa8 Rxa8 31. Nxd4 Ra2 32. Kf3 Rb2 33. h4 Kf7 34. Ra1 b3
35. Ra7 Rxc2 36. Nxc2 b2 37. Rxc7+ Ke8 38. Na3 1-0

[Event "Quebec op"]
[Site "Montreal CAN"]
[Date "2016.07.25"]
[Round "4.26"]
[White "Goldner, John"]
[Black "Dube, Daniel"]
[Result "1-0"]
[WhiteElo "1818"]
[BlackElo "1678"]
[PlyCount "111"]
[EventDate "2016.07.23"]
[EventType "swiss"]
[EventRounds "8"]
[EventCountry "CAN"]

1. e4 e5 2. Nf3 Nf6 3. Nxe5 d6 4. Nf3 Nxe4 5. d4 d5 6. Bd3 Be7 7. O-O O-O 8.
Re1 Bg4 9. Bxe4 dxe4 10. Rxe4 f5 11. Re1 Bf6 12. c3 Kh8 13. h3 Bh5 14. Qd3 Nc6
15. Na3 g5 16. Nc4 Bg6 17. Nfe5 Nxe5 18. Nxe5 Bxe5 19. Rxe5 f4 20. Qf3 b6 21.
Bd2 c5 22. Rae1 Rc8 23. c4 cxd4 24. Rd5 Qf6 25. Rxd4 Kg8 26. Bc3 Qf7 27. Qd1
Bf5 28. b3 h5 29. f3 Rce8 30. Rxe8 Rxe8 31. Rd6 Qe7 32. Qd5+ Qf7 33. Qd4 Kh7
34. Rf6 Qe7 35. Rxf5 Qe3+ 36. Kh2 Qxd4 37. Bxd4 Kg6 38. Rf6+ Kh7 39. Rf7+ Kg6
40. Rxa7 g4 41. hxg4 hxg4 42. Rg7+ Kh5 43. fxg4+ Kh6 44. g5+ Kh5 45. g3 Kg4 46.
gxf4 Re2+ 47. Kh1 Kg3 48. Bg1 Kxf4 49. Bxb6 Kg4 50. a4 Kg3 51. Bg1 Rb2 52. Rb7
Rb1 53. g6 Kh3 54. g7 Rb2 55. g8=Q Rh2+ 56. Bxh2 1-0

[Event "Quebec op"]
[Site "Montreal CAN"]
[Date "2016.07.26"]
[Round "5.2"]
[White "Lopez Linares, Lizandro"]
[Black "Hirschberg, Valerian"]
[Result "1/2-1/2"]
[WhiteElo "1984"]
[BlackElo "2329"]
[PlyCount "53"]
[EventDate "2016.07.23"]
[EventType "swiss"]
[EventRounds "8"]
[EventCountry "CAN"]

1. d4 d5 2. Nf3 Nf6 3. g3 Bf5 4. Bg2 e6 5. O-O h6 6. c4 c6 7. cxd5 exd5 8. Nc3
Be7 9. Bf4 Nbd7 10. h3 O-O 11. g4 Bh7 12. Ne5 Nb6 13. a4 a5 14. Qb3 Ne4 15.
Rad1 Nd6 16. Rfe1 Ra6 17. Qa2 Ne4 18. f3 Nxc3 19. bxc3 Bh4 20. Rf1 Qe7 21. e4
Kh8 22. Nd3 Nc4 23. Rb1 Rb6 24. Rxb6 Nxb6 25. Qb3 Nc4 26. Rb1 Na3 27. Ra1
1/2-1/2

[Event "Quebec op"]
[Site "Montreal CAN"]
[Date "2016.07.26"]
[Round "5.4"]
[White "Barbeau, Sylvain"]
[Black "Soudre, Nicolas"]
[Result "1-0"]
[WhiteElo "2313"]
[BlackElo "2084"]
[PlyCount "159"]
[EventDate "2016.07.23"]
[EventType "swiss"]
[EventRounds "8"]
[EventCountry "CAN"]

1. Nf3 Nc6 2. d4 d5 3. Bg5 Nf6 4. e3 Bf5 5. c3 e6 6. Nbd2 Bd6 7. Be2 Qd7 8. O-O
Ne4 9. Bf4 O-O 10. Nb3 f6 11. Bxd6 Nxd6 12. Nh4 b6 13. Nxf5 Nxf5 14. c4 Nce7
15. Rc1 c6 16. Qd2 Nd6 17. cxd5 exd5 18. Rc2 Rac8 19. Qb4 Rc7 20. Rfc1 f5 21.
Nd2 f4 22. exf4 Rxf4 23. Nf3 Ng6 24. Qd2 Ne4 25. Qe3 Rf6 26. Bd3 Re6 27. Ng5
Nxg5 28. Qxg5 Qe7 29. Qxe7 Nxe7 30. b4 Kf8 31. Kf1 Ke8 32. Re1 Rxe1+ 33. Kxe1
h6 34. f4 Kd7 35. Kf2 Kd6 36. g4 c5 37. bxc5+ bxc5 38. dxc5+ Rxc5 39. Rxc5 Kxc5
40. Ke3 Kd6 41. Bb5 Kc5 42. Ba4 Kb4 43. Bb3 Kc5 44. f5 Nc6 45. Kf4 Kd6 46. a3
Ne5 47. g5 hxg5+ 48. Kxg5 Nf3+ 49. Kg6 Nh4+ 50. Kxg7 Nxf5+ 51. Kf6 Nh4 52. Bd1
d4 53. Kg5 Ng2 54. h4 Ke7 55. h5 Kf8 56. Kf6 Kg8 57. Ke5 d3 58. Ke4 d2 59. Kd3
Nf4+ 60. Kxd2 Ng2 61. Kc3 Ne3 62. Bf3 Kg7 63. Kd3 Nf5 64. Kc4 Ne3+ 65. Kc5 Nc2
66. a4 Kh6 67. Bd1 Ne3 68. Bb3 Kxh5 69. a5 Kg5 70. Kb5 Ng4 71. Ka6 Ne5 72. Bd5
Kf6 73. Kxa7 Ke7 74. Kb6 Kd6 75. a6 Nd7+ 76. Ka5 Kc7 77. a7 Nb6 78. Bf3 Nc4+
79. Ka6 Nb6 80. Bg2 1-0

[Event "Quebec op"]
[Site "Montreal CAN"]
[Date "2016.07.26"]
[Round "5.5"]
[White "Wenaas, Eric"]
[Black "Voskanyan, Vahagn"]
[Result "1/2-1/2"]
[WhiteElo "2156"]
[BlackElo "2208"]
[PlyCount "61"]
[EventDate "2016.07.23"]
[EventType "swiss"]
[EventRounds "8"]
[EventCountry "CAN"]

1. e4 e5 2. Nf3 Nf6 3. Nc3 Nc6 4. d4 exd4 5. Nxd4 Bb4 6. Nxc6 bxc6 7. Bd3 d5 8.
exd5 cxd5 9. O-O O-O 10. Bg5 c6 11. Ne2 Bc5 12. c3 Bg4 13. Qc2 h6 14. Bh4 Qd6
15. Bg3 Qd7 16. Nd4 Bd6 17. Bf5 Bxf5 18. Qxf5 Qc7 19. Ne6 fxe6 20. Qxe6+ Rf7
21. Bxd6 Qb6 22. Qe2 Re8 23. Qc2 Re6 24. Bf4 Ng4 25. Qd2 Re4 26. Bg3 Rfe7 27.
Rae1 Rxe1 28. Rxe1 Rxe1+ 29. Qxe1 Qxb2 30. Qe6+ Kh8 31. Qc8+ 1/2-1/2

[Event "Quebec op"]
[Site "Montreal CAN"]
[Date "2016.07.26"]
[Round "5.6"]
[White "Tremblay, Alain"]
[Black "Bolduc, Steve"]
[Result "1/2-1/2"]
[WhiteElo "2044"]
[BlackElo "2194"]
[PlyCount "37"]
[EventDate "2016.07.23"]
[EventType "swiss"]
[EventRounds "8"]
[EventCountry "CAN"]

1. Nf3 d5 2. d4 e6 3. e3 c5 4. c3 Nf6 5. Nbd2 Nc6 6. Bd3 Bd6 7. O-O O-O 8. dxc5
Bxc5 9. e4 Qc7 10. h3 h6 11. Qe2 Nh5 12. Re1 Nf4 13. Qf1 Nxd3 14. Qxd3 dxe4 15.
Nxe4 Be7 16. Ng3 Bd7 17. Bf4 Qxf4 18. Qxd7 Rab8 19. Re4 1/2-1/2

[Event "Quebec op"]
[Site "Montreal CAN"]
[Date "2016.07.26"]
[Round "5.7"]
[White "Durette, Francis"]
[Black "Prahov, Valentin"]
[Result "1-0"]
[WhiteElo "1897"]
[BlackElo "2188"]
[PlyCount "49"]
[EventDate "2016.07.23"]
[EventType "swiss"]
[EventRounds "8"]
[EventCountry "CAN"]

1. e4 c5 2. Nf3 e6 3. d4 cxd4 4. Nxd4 Nf6 5. Nc3 Nc6 6. Ndb5 Bb4 7. a3 Bxc3+ 8.
Nxc3 d5 9. exd5 exd5 10. Bd3 O-O 11. O-O d4 12. Ne2 Bg4 13. f3 Bh5 14. Bg5 Bg6
15. Qd2 Re8 16. Rad1 Qb6 17. Bxf6 gxf6 18. Ng3 Qxb2 19. Qh6 Re5 20. f4 Bxd3 21.
fxe5 Qxa3 22. Nh5 Qf8 23. Nxf6+ Kh8 24. Qxf8+ Rxf8 25. Rxd3 1-0

[Event "Quebec op"]
[Site "Montreal CAN"]
[Date "2016.07.26"]
[Round "5.8"]
[White "Lebeau, Gilbert"]
[Black "Berube, Antoine"]
[Result "0-1"]
[WhiteElo "1993"]
[BlackElo "2129"]
[PlyCount "122"]
[EventDate "2016.07.23"]
[EventType "swiss"]
[EventRounds "8"]
[EventCountry "CAN"]

1. d4 Nf6 2. Nf3 e6 3. c4 Bb4+ 4. Bd2 a5 5. a3 Bxd2+ 6. Nbxd2 O-O 7. e3 d6 8.
Bd3 Nbd7 9. O-O Qe7 10. Qc2 b6 11. Ng5 h6 12. Nh7 Re8 13. Nxf6+ Nxf6 14. f4 Bb7
15. e4 e5 16. fxe5 dxe5 17. d5 Ng4 18. Rae1 Qc5+ 19. Kh1 Nf2+ 20. Rxf2 Qxf2 21.
Rf1 Qe3 22. Rf3 Qc5 23. Nb3 Qe7 24. Qf2 a4 25. Nd2 Rf8 26. Nf1 Bc8 27. Qe3 Kh8
28. Ng3 Qg5 29. Qf2 f6 30. h3 Ra5 31. Kh2 Bd7 32. Nf5 Bxf5 33. Rxf5 Qg6 34.
Rxe5 fxe5 35. Qxf8+ Kh7 36. Qc8 Rc5 37. Qf8 Qg5 38. Qf7 Qf4+ 39. Qxf4 exf4 40.
g3 fxg3+ 41. Kxg3 Kg6 42. Kf4 Kf6 43. e5+ Ke7 44. Ke4 g5 45. Kd4 Ra5 46. Be2
Ra8 47. c5 bxc5+ 48. Kxc5 Rb8 49. Bb5 h5 50. Bxa4 Rxb2 51. Kc6 Kd8 52. Bd1 Rh2
53. Bxh5 Rxh3 54. Bg4 Rc3+ 55. Kb5 Rxa3 56. d6 cxd6 57. exd6 Rg3 58. Bf5 Rf3
59. Be4 Rf4 60. Bc6 g4 61. Kc5 g3 0-1

[Event "Quebec op"]
[Site "Montreal CAN"]
[Date "2016.07.26"]
[Round "5.9"]
[White "Malek, Omid"]
[Black "Poulin, Maurice"]
[Result "1-0"]
[WhiteElo "2053"]
[BlackElo "1954"]
[PlyCount "79"]
[EventDate "2016.07.23"]
[EventType "swiss"]
[EventRounds "8"]
[EventCountry "CAN"]

1. d4 g6 2. e4 Bg7 3. Nc3 d6 4. Be3 a6 5. f4 b5 6. a3 Bb7 7. Nf3 Nd7 8. Bd3 e6
9. Qd2 Ne7 10. O-O Nb6 11. Qf2 Qd7 12. Nd2 f5 13. d5 exd5 14. exf5 Nxf5 15.
Bxb6 cxb6 16. Bxf5 gxf5 17. Rae1+ Kf8 18. Nf3 d4 19. Nxd4 Rg8 20. Ne6+ Qxe6 21.
Rxe6 Bd4 22. Rf6+ Bxf6 23. g3 Bxc3 24. bxc3 Be4 25. Qxb6 Rg6 26. Rd1 d5 27.
Qc5+ Kg7 28. Qe7+ Kg8 29. Qe5 Kf8 30. a4 bxa4 31. Ra1 Bxc2 32. Qxd5 Kg7 33. c4
Kh6 34. Qd2 Bb3 35. c5 Rc8 36. Qd4 a5 37. Kf2 Re6 38. Re1 Rcc6 39. Qd8 Rxe1 40.
Qg5# 1-0

[Event "Quebec op"]
[Site "Montreal CAN"]
[Date "2016.07.26"]
[Round "5.10"]
[White "Rodrigue-Lemieux, Shawn"]
[Black "Doubleday, William"]
[Result "1-0"]
[WhiteElo "2003"]
[BlackElo "1981"]
[PlyCount "73"]
[EventDate "2016.07.23"]
[EventType "swiss"]
[EventRounds "8"]
[EventCountry "CAN"]

1. c4 e6 2. d4 d5 3. Nc3 c6 4. cxd5 exd5 5. Qc2 g6 6. Bf4 Bf5 7. Qb3 Qb6 8.
Qxb6 axb6 9. f3 Bb4 10. a3 Nd7 11. Rc1 Bxc3+ 12. Rxc3 h5 13. g3 Ra4 14. e3 b5
15. Bd6 Nb6 16. Bc5 Ra6 17. Bxb6 Rxb6 18. Rb3 Ra6 19. Ne2 Nf6 20. Nf4 Kd7 21.
Nd3 Bxd3 22. Bxd3 Ra4 23. Rxb5 Rxa3 24. bxa3 cxb5 25. Bxb5+ Kd6 26. Kd2 g5 27.
Kd3 g4 28. e4 Nh7 29. e5+ Kc7 30. f4 Rd8 31. h3 Kb6 32. a4 h4 33. hxg4 hxg3 34.
Rg1 f5 35. gxf5 Rg8 36. Ke3 Rc8 37. Rxg3 1-0

[Event "Quebec op"]
[Site "Montreal CAN"]
[Date "2016.07.26"]
[Round "5.12"]
[White "Huang, Qiuyu"]
[Black "Luksza, Arkadiusz"]
[Result "1/2-1/2"]
[WhiteElo "1964"]
[BlackElo "2129"]
[PlyCount "107"]
[EventDate "2016.07.23"]
[EventType "swiss"]
[EventRounds "8"]
[EventCountry "CAN"]

1. e4 d6 2. d4 g6 3. Nc3 Bg7 4. Bc4 c6 5. Nge2 Nd7 6. O-O Ngf6 7. a4 O-O 8. f4
d5 9. exd5 Nb6 10. Bb3 Nbxd5 11. Nxd5 cxd5 12. Ng3 h5 13. Re1 h4 14. Nh1 Bg4
15. Qd3 Bf5 16. Qd1 Ne4 17. Nf2 Rc8 18. c3 Nxf2 19. Kxf2 Bf6 20. Qf3 e6 21. g4
hxg3+ 22. hxg3 Kg7 23. Kg1 Rh8 24. g4 Be4 25. Rxe4 dxe4 26. Qxe4 Qb6 27. Bc2
Qc6 28. g5 Be7 29. Qxc6 bxc6 30. Be4 c5 31. Be3 Rhd8 32. b3 Kg8 33. Kg2 Bf8 34.
Ra2 Rc7 35. a5 cxd4 36. Bxd4 Bg7 37. Bxg7 Kxg7 38. c4 Rb8 39. Ra3 Kf8 40. Kf3
Ke7 41. Ke3 Rd7 42. Bd3 Kd6 43. Kd4 Kc6+ 44. Kc3 Kc5 45. a6 Kc6 46. Be4+ Kc7
47. Ra5 Rd1 48. Rc5+ Kd7 49. b4 Rf1 50. Bb7 Rxf4 51. b5 Rf5 52. Rc6 Rxg5 53. b6
axb6 54. Rxb6 1/2-1/2

[Event "Quebec op"]
[Site "Montreal CAN"]
[Date "2016.07.26"]
[Round "5.13"]
[White "Trahan, Daniel"]
[Black "Libersan, Thierry"]
[Result "0-1"]
[WhiteElo "1962"]
[BlackElo "2043"]
[PlyCount "72"]
[EventDate "2016.07.23"]
[EventType "swiss"]
[EventRounds "8"]
[EventCountry "CAN"]

1. d4 Nf6 2. c4 g6 3. Nc3 Bg7 4. e4 O-O 5. Nf3 d6 6. Be2 e5 7. O-O Nc6 8. d5
Ne7 9. b4 Nh5 10. g3 f5 11. Ng5 Nf6 12. f3 c6 13. Be3 Kh8 14. Qb3 h6 15. Ne6
Bxe6 16. dxe6 Qc8 17. Rad1 Qxe6 18. Rd2 a6 19. Rfd1 Rad8 20. Qa3 fxe4 21. fxe4
Ng4 22. Bc5 Nc8 23. b5 Rf6 24. bxa6 bxa6 25. Na4 h5 26. h3 Nh6 27. Kg2 Nf7 28.
Nb6 Ng5 29. Qe3 Qxh3+ 30. Kg1 Bh6 31. Bf1 Qg4 32. Kg2 Rf3 33. Qe1 Qh3+ 34. Kg1
Rxg3+ 35. Bg2 Rxg2+ 36. Rxg2 Nf3+ 0-1